00957nam a2200265Ia 4500001000600000003000900006008004100015040001300056040001300069041001300082100001700095100002900112240001100141240003500152245001800187245001800205250001100223260001100234260001100245260004900256300005700305500027000362650002800632650003100660F9612IT-RoPAU130308s9999 xx 000 0 und d aIT-RoPAU cIT-RoPAU aITALIANO aChagall Marc gCodice Aut. SPICS: 53452 aMA VIE gCodice Tit. Orig. Spics: T3198 aMia vita (La) bMia Vita (La) a1a ed. aMILANO bSe Srl c1998 [1° Ed.:1998 - Ed.Ling.Originale:1931] a"188 p. (prefazione: no ; testo: 188 [pagine: 0-0])" aAutobiografia Scritta Originariamente in Russo nel 1922 e Nello Stesso Tempo Compose I Disegni che Accompagnano Il testo . L'Opera Tradotta in Francese Dalla moglie bella Chagall, Apparve a Parigi nel 1931 con Il titolo Ma Vie. Traduzione Italiana di Massimo Mauri. aAUTORI/OPERE DI PITTURA eCodice materia Spics: 5207